000 00563nam a22001577a 4500
003 OSt
005 20150928171711.0
008 150928b xxu||||| |||| 00| 0 eng d
040 _cRUA
082 _aATM.Sp CHH 2003 B059 Or.1
100 _91514
_aCHHEAN, BUNTENG.
245 _aTechnical planting of rubber trees in peam cheang rubber plantation, បច្ចេកទេសដាំដុះដើមកៅស៊ូនៅចំការកៅស៊ូពាមជាំង
260 _aPhnom Penh
_bRUA
_c2003
300 _a57p.
_bill.
_c29cm.
942 _2ddc
_cATMSP
999 _c1425
_d1425